"La Bòvila" de Joan Junyer :
Descripción Física:
targeta : il·lustració en color ; 10 x 15 cm
Idioma:
Catalán
MARC
| LEADER | 00000nkm a22000004i 4500 | ||
|---|---|---|---|
| 001 | 29202 | ||
| 003 | AGDB | ||
| 005 | 20260324181542.0 | ||
| 008 | 260108b spa||||| |||| 00| 0 cat d | ||
| 040 | |a agdb |b cat | ||
| 041 | |a cat | ||
| 100 | |a Junyer, Joan, |d 1904-1994 |9 53028 | ||
| 245 | |a "La Bòvila" de Joan Junyer : |h plaça de la sardana (postal) | ||
| 260 | |a [s.l.]: |b Ajuntament de L'Hospitalet, |c [s.a.] | ||
| 300 | |a targeta : |b il·lustració en color ; |c 10 x 15 cm | ||
| 500 | |a Prové del fons Joan Junyer i Pascual (1909-1994) | ||
| 500 | |a Representació de l'escultura La Bòbila, coneguda popularment com La Sardana | ||
| 500 | |a Al verso: "Homenatge als homes i les dones que, amb el seu treball, han construït L'Hospitalet" | ||
| 500 | |a 4 exemplars idèntics | ||
| 650 | |a Fons Joan Junyer i Pascual (1909-1994) |9 72777 | ||
| 655 | 0 | |a Targetes postals |9 52685 | |
| 710 | 1 | |a Hospitalet de Llobregat (Catalunya). |b Ajuntament |4 entitat editora |9 52871 | |
| 942 | |2 udc |c ARXIU |n 1 | ||
| 952 | |0 0 |1 0 |2 udc |4 0 |6 F504294 |7 1 |9 98889 |a Arxiu |b Arxiu |d 2026-01-08 |l 0 |o F-504-294 |p 29202 |r 2026-01-08 10:19:28 |w 2026-01-08 |y ARXIU |z 4 exemplars idèntics | ||
| 999 | |c 130557 |d 130557 | ||